Vazby a vztahy výskumu, vývoje a mezinárodní normalizace v oboru vakuové techniky záverečná práca postgraduálneho štúdia

Salvato in:
Dettagli Bibliografici
Autore principale: Sotirová, Nina
Ente Autore: Vysoká škola ekonomická v Bratislave
Altri autori: Pátý, Libor
Natura: Libro
Lingua:ceco
Pubblicazione: Bratislava 1989
Tags: Aggiungi Tag
Nessun Tag, puoi essere il primo ad aggiungerne!!

MARC

LEADER 00000nam a2200000 4500
001 c026556
005 20221215071809.1
041 0 |a cze 
044 |a SK 
245 1 0 |a Vazby a vztahy výskumu, vývoje a mezinárodní normalizace v oboru vakuové techniky  |b záverečná práca postgraduálneho štúdia  |c Nina Sotirová ; Ved. práce Libor Pátý 
264 1 |a Bratislava  |c 1989 
300 |a 62 s. 
100 1 |a Sotirová, Nina 
700 1 |a Pátý, Libor 
710 2 |a Vysoká škola ekonomická v Bratislave